Political science. (Record no. 413)

MARC details
000 -LEADER
fixed length control field 00451cam a2200193ua 4500
001 - CONTROL NUMBER
control field 471
005 - DATE AND TIME OF LATEST TRANSACTION
control field 20260515113154.0
008 - FIXED-LENGTH DATA ELEMENTS--GENERAL INFORMATION
fixed length control field 110406n ii |||gr||||Z||||||eng
040 ## - CATALOGING SOURCE
Transcribing agency MAIN
082 ## - DEWEY DECIMAL CLASSIFICATION NUMBER
Classification number 320.5
245 ## - TITLE STATEMENT
Title Political science.
Statement of responsibility, etc. By R C Agarwal.
250 ## - EDITION STATEMENT
Edition statement 3rd.
260 ## - PUBLICATION, DISTRIBUTION, ETC.
Place of publication, distribution, etc. New Delhi.:
Name of publisher, distributor, etc. S Chand.,987.
300 ## - PHYSICAL DESCRIPTION
Extent xi, 529 p.:
Dimensions 20 cm.
653 ## - INDEX TERM--UNCONTROLLED
Uncontrolled term Political science.
653 ## - INDEX TERM--UNCONTROLLED
Uncontrolled term Theory.
700 ## - ADDED ENTRY--PERSONAL NAME
Personal name Agarwal, R C.,
942 ## - ADDED ENTRY ELEMENTS (KOHA)
Koha item type Books
Holdings
Withdrawn status Lost status Damaged status Not for loan Home library Current library Shelving location Date acquired Total checkouts Full call number Barcode Date last seen Copy number Price effective from Koha item type
        Naharkatiya College Library Naharkatiya College Library General stacks 09/19/2020   320.5 | AGA 618 09/19/2020 3 09/19/2020 Books
        Naharkatiya College Library Naharkatiya College Library General stacks 09/19/2020   320.5 | AGA 619 09/19/2020 2 09/19/2020 Books
        Naharkatiya College Library Naharkatiya College Library General stacks 09/19/2020   320.5 | AGA 622 09/19/2020 1 09/19/2020 Books